Statistics for U.S. Virgin Islands Trivia

Click here to take the quiz!

General Stats

  • This quiz has been taken 166 times
  • The average score is 8 of 18

Answer Stats

HintAnswer% Correct
Caribbean Sea
87%
The U.S. Virgin Islands is the only U.S. territory to have coasts on both of these two bodies of waterAtlantic Ocean
85%
Biggest industryTourism
79%
The U.S. Virgin Islands is often struck by these tropical cyclones which cause widespread damage and destructionHurricanes
73%
The Virgin Islands were once a refuge for these sea raiders whose symbol is the Jolly RogerPirates
72%
The U.S. Virgin Islands were "discovered" and named by this Italian explorerChristopher Columbus
67%
Three main islandsSaint Croix
63%
Saint Thomas
60%
This Founding Father was born on Nevis, but also spent part of his childhood in the U.S. Virgin IslandsAlexander Hamilton
52%
Saint John
50%
CapitalCharlotte Amalie
48%
The islands are known for this type of beach found in Magens Bay and Trunk BayWhite sand beaches
28%
Most of the Virgin Islands National Park is on land that was owned by Laurance, grandson of this business magnate and philanthropistJohn D. Rockefeller
24%
Former capital of the Danish West IndiesChristiansted
16%
This is the easternmost point in the U.S including territoriesPoint Udall
13%
The islands are home to the oldest _____ tree in the CaribbeanBaobab
10%
This famous Impressionist painter was born on one of the U.S. Virgin Islands when it was still the Danish West IndiesCamille Pissarro
9%
This holiday celebrated on March 31st marks the day when the U.S. took control of the islands from Denmark back in 1917Transfer Day
9%

Score Distribution

Percentile by Number Answered

Percent of People with Each Score

Your Score History

You have not taken this quiz